Designing Cooler Cities : (Record no. 594471)

000 -LEADER
fixed length control field 03433cam a22005535i 4500
001 - CONTROL NUMBER
control field 22023517
003 - CONTROL NUMBER IDENTIFIER
control field NUST
005 - DATE AND TIME OF LATEST TRANSACTION
control field 20230412165045.0
006 - FIXED-LENGTH DATA ELEMENTS--ADDITIONAL MATERIAL CHARACTERISTICS
fixed length control field m |o d |
007 - PHYSICAL DESCRIPTION FIXED FIELD--GENERAL INFORMATION
fixed length control field cr |||||||||||
008 - FIXED-LENGTH DATA ELEMENTS--GENERAL INFORMATION
fixed length control field 171129s2018 si |||| o |||| 0|eng
010 ## - LIBRARY OF CONGRESS CONTROL NUMBER
LC control number 2019771202
020 ## - INTERNATIONAL STANDARD BOOK NUMBER
International Standard Book Number 9789811066382
024 7# - OTHER STANDARD IDENTIFIER
Standard number or code 10.1007/978-981-10-6638-2
Source of number or code doi
035 ## - SYSTEM CONTROL NUMBER
System control number (DE-He213)978-981-10-6638-2
040 ## - CATALOGING SOURCE
Original cataloging agency DLC
Language of cataloging eng
Description conventions pn
-- rda
Transcribing agency DLC
072 #7 - SUBJECT CATEGORY CODE
Subject category code JBSD
Source thema
072 #7 - SUBJECT CATEGORY CODE
Subject category code JHB
Source bicssc
072 #7 - SUBJECT CATEGORY CODE
Subject category code JHB
Source thema
072 #7 - SUBJECT CATEGORY CODE
Subject category code SOC026030
Source bisacsh
082 04 - DEWEY DECIMAL CLASSIFICATION NUMBER
Classification number 307.76
Edition number 23
Author Mark CHE
245 00 - TITLE STATEMENT
Title Designing Cooler Cities :
Remainder of title Energy, Cooling and Urban Form: The Asian Perspective /
Statement of responsibility, etc. edited by Ali Cheshmehzangi, Chris Butters.
250 ## - EDITION STATEMENT
Edition statement 1st ed. 2018.
264 #1 - PRODUCTION, PUBLICATION, DISTRIBUTION, MANUFACTURE, AND COPYRIGHT NOTICE
Place of production, publication, distribution, manufacture Singapore :
Name of producer, publisher, distributor, manufacturer Springer Singapore :
-- Imprint: Palgrave Macmillan,
Date of production, publication, distribution, manufacture, or copyright notice 2018.
300 ## - PHYSICAL DESCRIPTION
Extent 1 online resource (XXVII, 204 pages 39 illustrations, 30 illustrations in color.)
336 ## - CONTENT TYPE
Content type term text
Content type code txt
Source rdacontent
337 ## - MEDIA TYPE
Media type term computer
Media type code c
Source rdamedia
338 ## - CARRIER TYPE
Carrier type term online resource
Carrier type code cr
Source rdacarrier
347 ## - DIGITAL FILE CHARACTERISTICS
File type text file
Encoding format PDF
Source rda
490 1# - SERIES STATEMENT
Series statement Palgrave Series in Asia and Pacific Studies,
International Standard Serial Number 2662-7922
520 ## - SUMMARY, ETC.
Summary, etc. This edited book surveys the major sustainability challenges facing Asian cities, in particular those related to urban energy and city cooling. The book discusses the key concepts and issues involved, addressing the three levels of micro (individual buildings), meso (neighbourhoods/districts) and macro (whole or large parts of cities). It illustrates different paradigms of urban development and explores how to create cooler cities by applying integrated sustainable design and planning on all three levels, bridging the gap between specialist approaches by highlighting both built projects, processes, and research. It also raises questions about prevalent paradigms of urban development as well as topics relating to urban district cooling solutions, sustainable construction materials, and processes towards effective delivery of sustainable cities. Providing cutting edge insights into hot climate cities in Asia, this text is also pertinent for the study of cities in other world regions, notably in developing countries, and of broad relevance to sustainable urban planning in all contexts.
588 ## - SOURCE OF DESCRIPTION NOTE
Source of description note Description based on publisher-supplied MARC data.
650 #0 - SUBJECT ADDED ENTRY--TOPICAL TERM
Topical term or geographic name entry element City planning.
650 #0 - SUBJECT ADDED ENTRY--TOPICAL TERM
Topical term or geographic name entry element Economic development
General subdivision Environmental aspects.
9 (RLIN) 19946
650 #0 - SUBJECT ADDED ENTRY--TOPICAL TERM
Topical term or geographic name entry element Sociology, Urban.
9 (RLIN) 24619
650 #0 - SUBJECT ADDED ENTRY--TOPICAL TERM
Topical term or geographic name entry element Urban planning.
9 (RLIN) 111809
650 14 - SUBJECT ADDED ENTRY--TOPICAL TERM
Topical term or geographic name entry element Urban Studies/Sociology.
Authority record control number or standard number https://scigraph.springernature.com/ontologies/product-market-codes/X22250
9 (RLIN) 111818
650 24 - SUBJECT ADDED ENTRY--TOPICAL TERM
Topical term or geographic name entry element Development and Sustainability.
Authority record control number or standard number https://scigraph.springernature.com/ontologies/product-market-codes/913110
9 (RLIN) 111819
650 24 - SUBJECT ADDED ENTRY--TOPICAL TERM
Topical term or geographic name entry element Urbanism.
Authority record control number or standard number https://scigraph.springernature.com/ontologies/product-market-codes/K18006
9 (RLIN) 111820
700 1# - ADDED ENTRY--PERSONAL NAME
Personal name Butters, Chris,
Relator term editor.
9 (RLIN) 111821
700 1# - ADDED ENTRY--PERSONAL NAME
Personal name Cheshmehzangi, Ali,
Relator term editor.
9 (RLIN) 111822
776 08 - ADDITIONAL PHYSICAL FORM ENTRY
Relationship information Print version:
Title Designing cooler cities : energy, cooling and urban form: the Asian perspective
Record control number (DLC) 2017955269
776 08 - ADDITIONAL PHYSICAL FORM ENTRY
Relationship information Printed edition:
International Standard Book Number 9789811066375
776 08 - ADDITIONAL PHYSICAL FORM ENTRY
Relationship information Printed edition:
International Standard Book Number 9789811066399
776 08 - ADDITIONAL PHYSICAL FORM ENTRY
Relationship information Printed edition:
International Standard Book Number 9789811349201
830 #0 - SERIES ADDED ENTRY--UNIFORM TITLE
Uniform title Palgrave Series in Asia and Pacific Studies,
International Standard Serial Number 2662-7922
9 (RLIN) 111823
906 ## - LOCAL DATA ELEMENT F, LDF (RLIN)
a 0
b ibc
c origres
d u
e ncip
f 20
g y-gencatlg
942 ## - ADDED ENTRY ELEMENTS (KOHA)
Source of classification or shelving scheme
Koha item type Book
Holdings
Withdrawn status Lost status Source of classification or shelving scheme Damaged status Not for loan Permanent Location Current Location Date acquired Total Checkouts Full call number Barcode Date last seen Price effective from Koha item type
          School of Civil and Environmental Engineering (SCEE) School of Civil and Environmental Engineering (SCEE) 04/12/2023   307.76 CHE NIT-13653 04/12/2023 04/12/2023 Book
© 2023 Central Library, National University of Sciences and Technology. All Rights Reserved.